000 00626cam a2200229 4500
001 B478
008 090401t1986 xxu||||| |||| 00| 0 eng d
035 _a(Sirsi) u36129
041 _aeng
050 _a333.335
110 _aSavills
_92020
245 _aSavills-IPD agricultural performance analysis ...1985
260 _aLondon
_bSavills
_c1986
300 _a12p. ; 30cm.
350 _a0
520 _aPrevious editions entitled Savills-RTP agricultural performance analysis q.v.
650 _aFARM LAND
650 _aINVESTMENT PROPERTY DATABANK LTD
650 _aINVESTMENT
942 _n0
948 _c04/03/1997
999 _c90184
_d90184